| 000 | 01281nam0a22002771 4500 | ||
|---|---|---|---|
| 001 | rc\4600635 | ||
| 005 | 20250612130528.0 | ||
| 021 |
_aRU _b[64-39169] |
||
| 035 | _a(NLR Aleph) 008666416 | ||
| 090 |
_a9093330 _c9093330 |
||
| 100 | _a20130416d1964 |||y0rusy50 ca | ||
| 101 | 0 | _arus | |
| 102 | _aRU | ||
| 105 | _aa z ||||| | ||
| 200 | 1 |
_aКонструкция и эксплуатация обрезных станков _fНауч.-техн. о-во лесной пром-сти и лесного хозяйства. Обществ. заоч. ин-т Центр. правл. |
|
| 210 |
_aМосква _cЛесная пром-сть _d1964 |
||
| 215 |
_a63 с. _cил. _d22 |
||
| 225 | 1 |
_aИз цикла лекций по механизации и автоматизации лесопильного производства _vЛекция 9 |
|
| 300 | _aНа обл. загл. серии: Цикл. заоч. лекций по механизации и автоматизации лесопильного производства | ||
| 606 |
_aОбрезные станки _2psbo |
||
| 700 | 1 |
_aМазалев _bГ.Н. _gГеоргий Николаевич |
|
| 801 | 0 |
_aRU _bNLR _gpsbo |
|
| 801 | 1 |
_aRU _bELAR _2rusmarc |
|
| 852 |
_aNLR _j64-6/5716 |
||
| 942 | _cBOOK | ||
| 980 | _aNB | ||